000 00525nam a22001577a 4500
005 20250124100451.0
008 250124b |||||||| |||| 00| 0 eng d
020 _a9780763738471
050 _aRA785
_b.S434
100 _aSeaward, Brian Luke
245 _aManaging Stress/
_bprinciples and strategies for health and well-being; student note-taking guide to accompany
250 _a5th ed.
260 _aSudbury, Massachusetts
_bJones and Bartlett Publishers
_c2006
300 _av. 198p.
_c27.5cm
942 _2lcc
_cBK
_e5th ed.
_n0
999 _c2964
_d2964